000 00808cam a2200253 a 4500
001 000043744
005 20201002044940.0
008 050728s2000 sp 000 0 spa
020 _a8495501198
040 _aDO-SdBNP
_bspa
_cBNPHU
082 _a813.54
_bG618me, 2001
100 1 _aGolden, Arthur,
_d1957-
_911054
240 1 0 _aMemoirs of a geisha.
245 1 0 _aMemorias de una geisha /
_cArthur Golden ; traductor, Pilar Vázquez.
250 _a5a ed.
260 _a[Madrid] :
_bSuma de Letras,
_c2000.
300 _a654 p. ;
_c18 cm.
490 1 _aPunto de lectura ;
_v20
534 _pTítulo original:
_tMemoirs of a geisha
650 4 _aNovela estadounidense
_9262
650 4 _aLiteratura estadounidense
_9263
700 1 _aVázquez, Pilar,
_etr.
_911055
830 0 _aPunto de lectura
_n20
_971572
999 _c43233
_d43233